QWERTY europe Quiz Stats

 Plays Quiz not verified by Sporcle

Score 0/47 Timer 08:00
0 Plays Today
country % Correct
Estonia
98.7%
Romania
92.1%
Turkey
87.8%
Russia
87.3%
Ireland
86%
Iceland
86%
Italy
84.7%
United Kingdom
83%
Ukraine
82.5%
Portugal
82.1%
Poland
80.3%
Albania
79%
Andorra
79%
Sweden
78.6%
Switzerland
78.6%
Serbia
78.2%
Denmark
78.2%
France
77.7%
Hungary
77.7%
Germany
76.9%
Slovenia
76.4%
Slovakia
76.4%
Finland
76%
Austria
75.5%
country % Correct
San Marino
75.5%
Greece
75.1%
Lithuania
75.1%
Latvia
73.4%
Belgium
72.5%
Spain
72.1%
Czech Republic
71.6%
Liechtenstein
71.2%
Croatia
71.2%
Luxembourg
70.7%
Kosovo
70.7%
Belarus
68.1%
Bosnia and Herzegovina
67.2%
Cyprus
66.4%
Netherlands
66.4%
Vatican City
65.9%
Bulgaria
65.1%
Norway
65.1%
Macedonia
64.2%
Malta
62.9%
Montenegro
62%
Monaco
62%
Moldova
61.6%

You're not logged in!

Compare scores with friends on all Sporcle quizzes.
OR
Log In

Show Comments

Extras

Created Nov 16, 2010ReportNominate
Tags:Country Quiz, Europe Quiz, qwerty

Top Quizzes Today


Score Distribution

Your Account Isn't Verified!

In order to create a playlist on Sporcle, you need to verify the email address you used during registration. Go to your Sporcle Settings to finish the process.

Report this User

Report this user for behavior that violates our Community Guidelines.

Details: